[Event "GRE-chT U16 14th"]
[Site "Rio Achaia"]
[Date "2022.12.16"]
[Round "3"]
[White "Spyridakis, Georgios"]
[Black "Kyriakidis, Orestis"]
[Result "0-1"]
[WhiteElo "1213"]
[BlackElo "1757"]
[PlyCount "50"]
[EventDate "2022.12.15"]
[EventType "team-swiss"]
[EventRounds "6"]
[EventCountry "GRE"]
[SourceTitle "EXT 2024"]
[Source "ChessBase"]
[SourceDate "2023.10.10"]
[SourceVersion "1"]
[SourceVersionDate "2023.10.10"]
[SourceQuality "1"]

1. e4 e5 2. Nf3 Nc6 3. Bc4 Nf6 4. Ng5 d5 5. exd5 Na5 6. Bb5+ c6 7. dxc6 bxc6 8. Bd3 Bc5 9. 0-0 0-0 10. Nc3 Nb7 11. h3 Bb6 12. Nce4 Nxe4 13. Nxe4 f5 14. Bc4+ Kh8 15. Nc3 Qh4 16. d3 f4 17. Qf3 Nd6 18. Ne4 Nxe4 19. dxe4 Rf6 20. Be2 Rg6 21. Kh2 Bg4 22. Qd3 Rd8 23. Qc4 Bxf2 24. Bxg4 Qg3+ 25. Kh1 Rxg4 0-1

[Event "GRE-ch Online Blitz op 1st"]
[Site "Tornelo INT"]
[Date "2021.02.07"]
[Round "12"]
[White "Antonoglou, Christos"]
[Black "Kyriakidis, Orestis"]
[Result "1-0"]
[WhiteElo "1845"]
[BlackElo "1258"]
[PlyCount "77"]
[EventDate "2021.02.07"]
[EventType "swiss (blitz)"]
[EventRounds "16"]
[EventCountry "GRE"]
[SourceTitle "EXT 2023"]
[Source "ChessBase"]
[SourceDate "2022.10.05"]
[SourceVersion "1"]
[SourceVersionDate "2022.10.05"]
[SourceQuality "1"]

1. e4 c5 2. Ne2 Nc6 3. c4 g6 4. Nbc3 Bg7 5. d3 e6 6. g3 Nge7 7. Bg2 0-0 8. 0-0 b6 9. f4 Bb7 10. Be3 Nd4 11. Rb1 d5 12. exd5 exd5 13. Bxd4 cxd4 14. Nb5 Nf5 15. Qb3 a6 16. Na3 Ne3 17. c5 Nxf1 18. Rxf1 b5 19. Nc2 Rc8 20. Qa3 Qc7 21. b4 a5 22. Ncxd4 axb4 23. Qxb4 Qxc5 24. Qxc5 Rxc5 25. f5 Ra8 26. f6 Bh6 27. Nf4 Bxf4 28. gxf4 Rxa2 29. f5 b4 30. Re1 Rc8 31. Nb5 h6 32. Nd6 Rc7 33. Nxb7 Rxb7 34. Bxd5 Raa7 35. fxg6 Rb8 36. gxf7+ Rxf7 37. Re7 Rbf8 38. Rb7 h5 39. Kg2 1-0

[Event "GRE-ch Online Blitz op 1st"]
[Site "Tornelo INT"]
[Date "2021.02.07"]
[Round "7"]
[White "Kyriakidis, Orestis"]
[Black "Makris, Spyridon Dionysios"]
[Result "0-1"]
[WhiteElo "1258"]
[BlackElo "1717"]
[PlyCount "86"]
[EventDate "2021.02.07"]
[EventType "swiss (blitz)"]
[EventRounds "16"]
[EventCountry "GRE"]
[SourceTitle "EXT 2023"]
[Source "ChessBase"]
[SourceDate "2022.10.05"]
[SourceVersion "1"]
[SourceVersionDate "2022.10.05"]
[SourceQuality "1"]

1. d4 Nf6 2. Nf3 e6 3. g3 d5 4. Bg2 Be7 5. 0-0 0-0 6. b3 c5 7. e3 Nc6 8. Bb2 b6 9. Ne5 Bb7 10. Nd2 Nd7 11. c4 Ndxe5 12. dxe5 a5 13. Rc1 a4 14. bxa4 Ra7 15. Nb3 dxc4 16. Qxd8 Nxd8 17. Bxb7 cxb3 18. Be4 bxa2 19. Bc2 Nc6 20. Ra1 Nb4 21. Bb3 Rfa8 22. Bc3 Nd5 23. Bd2 h6 24. Rxa2 b5 25. Rfa1 c4 26. Bc2 b4 27. Be4 b3 28. Bxd5 exd5 29. Rb2 Rxa4 30. Rxa4 Rxa4 31. Kf1 Ra1+ 32. Ke2 Ba3 33. Bc3 Bxb2 34. Bxb2 Ra2 35. Kd2 Rxb2+ 36. Kc3 Rc2+ 37. Kd4 b2 38. Kxd5 b1Q 39. e6 Rd2+ 40. Ke5 Qb5+ 41. Kf4 Rxf2+ 42. Kg4 Qg5+ 43. Kh3 Qh5# 0-1

[Event "GRE-ch Online Rapid op 1st"]
[Site "Tornelo INT"]
[Date "2021.02.06"]
[Round "5"]
[White "Patrelakis, Evaggelos"]
[Black "Kyriakidis, Orestis"]
[Result "1-0"]
[WhiteElo "1727"]
[BlackElo "1290"]
[PlyCount "81"]
[EventDate "2021.02.06"]
[EventType "swiss (rapid)"]
[EventRounds "8"]
[EventCountry "GRE"]
[SourceTitle "EXT 2023"]
[Source "ChessBase"]
[SourceDate "2022.10.05"]
[SourceVersion "1"]
[SourceVersionDate "2022.10.05"]
[SourceQuality "1"]

1. e4 c5 2. Nf3 Nc6 3. d4 cxd4 4. Nxd4 g6 5. c4 Bg7 6. Be3 e6 7. Nc3 Nge7 8. Be2 0-0 9. 0-0 b6 10. Ndb5 Ba6 11. Rc1 Bxc3 12. Nxc3 f5 13. Bg5 Qe8 14. Nb5 Bxb5 15. cxb5 Ne5 16. Qd6 Nf7 17. Qxe7 Nxg5 18. Qxg5 fxe4 19. Qe5 Rc8 20. Qxe4 Rxc1 21. Rxc1 Qf7 22. Qe3 e5 23. Bf3 d6 24. Qb3 Qxb3 25. axb3 Rf4 26. Rc4 Rf7 27. Bd5 Kg7 28. Bxf7 Kxf7 29. Rc7+ Ke6 30. Rxa7 Kd5 31. Rc7 Kd4 32. Rc6 d5 33. Rxb6 Kc5 34. Rb8 d4 35. Kf1 Kb4 36. b6 Kxb3 37. b7 Kxb2 38. Rc8 d3 39. b8Q+ Ka1 40. Qb7 d2 41. Ra8# 1-0

[Event "GRE-ch South U10"]
[Site "Athens"]
[Date "2020.09.02"]
[Round "8"]
[White "Deliezos, Anastasios"]
[Black "Kyriakidis, Orestis"]
[Result "1/2-1/2"]
[WhiteElo "1136"]
[BlackElo "1340"]
[PlyCount "169"]
[EventDate "2020.08.28"]
[EventType "swiss"]
[EventRounds "9"]
[EventCountry "GRE"]
[SourceTitle "EXT 2023"]
[Source "ChessBase"]
[SourceDate "2022.10.05"]
[SourceVersion "1"]
[SourceVersionDate "2022.10.05"]
[SourceQuality "1"]

1. d4 d5 2. Nf3 Nf6 3. Bf4 e6 4. Nbd2 Bd6 5. Bxd6 Qxd6 6. c3 Nbd7 7. Qc2 b5 8. e4 Qb6 9. e5 Ng4 10. Bd3 f5 11. h3 Nh6 12. b4 Bb7 13. Rb1 0-0 14. 0-0 a6 15. Ra1 a5 16. a3 axb4 17. axb4 Ra6 18. Rxa6 Qxa6 19. Nb3 Ra8 20. Ra1 Qb6 21. Rxa8+ Bxa8 22. Qa2 Bb7 23. Kf1 Nf7 24. Kg1 h6 25. Na5 c6 26. Bxf5 Ndxe5 27. Nxe5 exf5 28. Qe2 Qc7 29. f4 Nd6 30. Kf1 Nc4 31. Nexc4 bxc4 32. Qe6+ Kh8 33. Qxf5 Bc8 34. Qe5 Qd7 35. f5 Kg8 36. Qe6+ Qxe6 37. fxe6 Bxe6 38. Nxc6 Kf8 39. h4 Ke8 40. g3 Kd7 41. Ne5+ Kc7 42. Kf2 g5 43. hxg5 hxg5 44. Nf3 g4 45. Ne5 Kb6 46. Ke3 Kb5 47. Kf4 Ka4 48. Ke3 Kb3 49. Kd2 Bc8 50. b5 Ka4 51. b6 Kb5 52. b7 Bxb7 53. Nxg4 Kc6 54. Ne5+ Kd6 55. Ke3 Ke6 56. Kf4 Kf6 57. g4 Bc8 58. g5+ Kg7 59. g6 Kf6 60. Ke3 Bf5 61. Kf4 Be6 62. Nc6 Bc8 63. g7 Be6 64. Nb4 Bf7 65. Nc2 Be6 66. Ne3 Bf7 67. Nf5 Be6 68. Nd6 Bg8 69. Ne8+ Ke7 70. Nc7 Kf6 71. Nb5 Bf7 72. Nd6 Bg8 73. Nf5 Bh7 74. Ng3 Bg8 75. Nh5+ Kg6 76. Kg4 Be6+ 77. Kh4 Bg8 78. Nf4+ Kf6 79. Kh5 Kf5 80. Ng6 Ke4 81. Ne7 Bf7+ 82. Kg4 Kd3 83. g8Q Bxg8 84. Nxg8 Kxc3 85. Kf4 1/2-1/2

[Event "GRE-ch South U10"]
[Site "Athens"]
[Date "2020.08.29"]
[Round "2"]
[White "Kiryttopoulos, Panagiotis Aris"]
[Black "Kyriakidis, Orestis"]
[Result "1-0"]
[WhiteElo "1145"]
[BlackElo "1340"]
[PlyCount "161"]
[EventDate "2020.08.28"]
[EventType "swiss"]
[EventRounds "9"]
[EventCountry "GRE"]
[SourceTitle "EXT 2023"]
[Source "ChessBase"]
[SourceDate "2022.10.05"]
[SourceVersion "1"]
[SourceVersionDate "2022.10.05"]
[SourceQuality "1"]

1. d4 d5 2. Nf3 Nf6 3. e3 Bf5 4. Be2 e6 5. b3 Bd6 6. Bb2 c6 7. 0-0 Nbd7 8. Ne5 Qe7 9. Nd2 Ne4 10. c4 h5 11. f3 Nxd2 12. Qxd2 g5 13. e4 dxe4 14. fxe4 Nxe5 15. exf5 0-0-0 16. Qc2 Ng4 17. Bxg4 hxg4 18. g3 Kb8 19. c5 Bc7 20. d5 Rhe8 21. d6 Bxd6 22. cxd6 Qxd6 23. Rad1 Qc7 24. fxe6 Rxd1 25. Rxd1 Rxe6 26. Qc3 a6 27. Qh8+ Ka7 28. Qd4+ Kb8 29. Qd8+ Qxd8 30. Rxd8+ Kc7 31. Rf8 Re2 32. Rxf7+ Kb6 33. Bd4+ c5 34. Rf6+ Kc7 35. Bxc5 Rxa2 36. Rg6 Ra1+ 37. Kf2 Ra2+ 38. Ke3 Rxh2 39. Rxg5 Rc2 40. Kd4 b5 41. Rxg4 a5 42. Rg7+ Kc6 43. Rg6+ Kd7 44. Ra6 Rb2 45. Kc3 Rg2 46. Rxa5 Rxg3+ 47. Kb4 Kc6 48. Ra6+ Kd5 49. Rd6+ Ke5 50. Rb6 Kd5 51. Rxb5 Rg4+ 52. Ka5 Kc6 53. b4 Rg8 54. Rb6+ Kc7 55. Ra6 Rg2 56. Ra7+ Kc6 57. b5+ Kxc5 58. Rc7+ Kd6 59. b6 Ra2+ 60. Kb5 Rb2+ 61. Ka6 Ra2+ 62. Kb7 Ra3 63. Kb8 Ra6 64. b7 Rb6 65. Kc8 Rxb7 66. Kxb7 Kd5 67. Rc6 Ke5 68. Kc7 Kd5 69. Kd7 Ke5 70. Rd6 Ke4 71. Ke6 Kf4 72. Rd5 Ke4 73. Kd6 Ke3 74. Ke5 Kf3 75. Rd4 Ke3 76. Kd5 Ke2 77. Ke4 Kf2 78. Rd3 Ke2 79. Kd4 Kf2 80. Re3 Kg2 81. Ke4 1-0